[Event "?"]
[Site "?"]
[Date "2011.06.02"]
[Round "1.32"]
[White "Florio, Antonio"]
[Black "Gampper, Steffen"]
[Result "1-0"]
[WhiteElo "1771"]
[BlackElo "1534"]
[PlyCount "79"]
[EventDate "2011.??.??"]

1. c4 Nf6 2. Nc3 g6 3. g3 Bg7 4. Bg2 d6 5. d3 c6 6. e4 O-O 7. Nge2 Qa5 8. O-O
Qh5 9. Nf4 Qxd1 10. Nxd1 Na6 11. d4 Nd7 12. Be3 Nb4 13. Ne2 Nc2 14. Rc1 Nxe3
15. Nxe3 Rb8 16. b3 b5 17. cxb5 cxb5 18. Rc7 e5 19. Rd1 Rb7 20. Rc6 Rb6 21. Rc7
Rb7 22. Nd5 Rxc7 23. Nxc7 a6 24. dxe5 dxe5 25. Rd6 Nc5 26. b4 Nb7 27. Rxa6 Rd8
28. Nd5 Be6 29. Nec3 Nd6 30. Rb6 Bf8 31. Nc7 Bc4 32. Bf1 Nxe4 33. Bxc4 Nxc3 34.
Nxb5 Bxb4 35. Rb7 Nd5 36. Na7 Bc5 37. Nc6 Rd6 38. Nxe5 f6 39. Nd3 Bd4 40. Nb4
1-0

[Event "?"]
[Site "?"]
[Date "2011.06.02"]
[Round "1.33"]
[White "Balija, Cerim"]
[Black "Tönjes, Jürgen"]
[Result "0-1"]
[WhiteElo "1532"]
[BlackElo "1768"]
[PlyCount "118"]
[EventDate "2011.??.??"]

1. d4 d5 2. Nf3 Nf6 3. c4 c6 4. e3 Bf5 5. Nc3 e6 6. a3 Be7 7. Bd3 Bxd3 8. Qxd3
Nbd7 9. O-O O-O 10. Re1 Re8 11. Bd2 dxc4 12. Qxc4 Nb6 13. Qb3 c5 14. dxc5 Bxc5
15. Rad1 Qb8 16. Ne2 Ne4 17. Ba5 Nf6 18. h3 Nbd5 19. Nc3 b6 20. Nxd5 Nxd5 21.
Bd2 a5 22. Qc4 Qb7 23. e4 Nf6 24. Bc3 Rac8 25. Qe2 Be7 26. Nd4 Red8 27. Rd2
Bxa3 28. Nb5 Be7 29. Bxf6 Rxd2 30. Qxd2 Rd8 31. Bd4 e5 32. Qd3 exd4 33. e5 Qd5
34. Nc7 Qc5 35. Nb5 Rd5 36. e6 Qxb5 37. exf7+ Kxf7 38. Qf3+ Bf6 39. Rc1 Qd7 40.
Qb3 d3 41. Rd1 Qb5 42. Qa2 a4 43. Rb1 Qb3 44. Qxb3 axb3 45. Kf1 d2 46. Ke2 Bxb2
47. Kd1 Bc1 48. Rxb3 Re5 49. Rd3 b5 50. f4 Re7 51. g4 g6 52. Rd5 Rb7 53. f5 b4
54. fxg6+ hxg6 55. Kc2 b3+ 56. Kb1 b2 57. h4 Ra7 58. Rb5 d1=Q 59. Rc5 Ra1# 0-1

[Event "?"]
[Site "?"]
[Date "2011.06.02"]
[Round "1.35"]
[White "Haro, Niel"]
[Black "Wohlfahrt, Michael"]
[Result "1-0"]
[WhiteElo "1519"]
[BlackElo "1761"]
[PlyCount "49"]
[EventDate "2011.??.??"]

1. d4 d5 2. c4 c6 3. cxd5 cxd5 4. Nc3 Nf6 5. e3 e6 6. a3 Be7 7. Bd3 O-O 8. Nf3
h6 9. h3 a6 10. Qc2 Nc6 11. Bd2 Bd7 12. g4 Ne8 13. h4 e5 14. Bf5 e4 15. Ne5
Bxf5 16. gxf5 Bxh4 17. Qd1 Bf6 18. Ng4 Bg5 19. Nh2 Qd7 20. Qg4 Nf6 21. Qh3 g6
22. f4 exf3 23. Nxf3 Kg7 24. Nxg5 hxg5 25. Qh6+ 1-0

[Event "?"]
[Site "?"]
[Date "2011.06.02"]
[Round "1.36"]
[White "Keller, Marcel"]
[Black "Giugno, Carmelo"]
[Result "1-0"]
[WhiteElo "1755"]
[BlackElo "1517"]
[PlyCount "77"]
[EventDate "2011.??.??"]

1. e4 c5 2. Nf3 Nc6 3. Bb5 Qc7 4. O-O a6 5. Bxc6 Qxc6 6. d3 d6 7. h3 e5 8. Nc3
Nf6 9. Bg5 Be7 10. Bxf6 gxf6 11. Nd5 Rg8 12. Kh1 Be6 13. Nxe7 Kxe7 14. Rg1 Qd7
15. Kh2 Rg6 16. Qd2 Rag8 17. Nh4 Rg5 18. f3 Rh5 19. Qf2 Rh6 20. g4 Rg5 21. Nf5+
Bxf5 22. exf5 Qa4 23. Qd2 Qc6 24. Kg3 Qd7 25. h4 Qxf5 26. hxg5 Qxg5 27. Qxg5
fxg5 28. Rh1 Rg6 29. Rxh7 Ke6 30. Rah1 f5 31. R1h6 f4+ 32. Kf2 Rxh6 33. Rxh6+
Kd5 34. c4+ Kc6 35. Rg6 b5 36. Rxg5 bxc4 37. dxc4 a5 38. Rg8 d5 39. Rg6+ 1-0

[Event "?"]
[Site "?"]
[Date "2011.06.02"]
[Round "1.37"]
[White "Hartmann, Christian"]
[Black "Srokovskiy, Andrea"]
[Result "1-0"]
[WhiteElo "1500"]
[BlackElo "1749"]
[PlyCount "81"]
[EventDate "2011.??.??"]

1. e4 c5 2. Nc3 a6 3. a4 e6 4. g3 d6 5. Bg2 b6 6. Nge2 Bb7 7. O-O Be7 8. d3 Qc7
9. f4 Nf6 10. h3 O-O 11. g4 Nbd7 12. Ng3 Ne8 13. g5 f5 14. Re1 Nb8 15. Qe2 Nc6
16. exf5 Nd4 17. Qf2 Nxf5 18. Nxf5 Rxf5 19. Rxe6 Rd8 20. Bxb7 Qxb7 21. Qe2 Rd7
22. Bd2 g6 23. Re1 Rf7 24. Qe4 Ng7 25. Qxb7 Rxb7 26. R6e4 Bf8 27. Nd5 b5 28.
axb5 axb5 29. Bc3 b4 30. Bf6 b3 31. c4 Ra7 32. Bc3 Rab7 33. Nf6+ Kh8 34. h4 Ra7
35. Kf2 Rab7 36. h5 gxh5 37. Nxh5 Rbc7 38. Rb1 Be7 39. g6 hxg6 40. Nf6 Nh5 41.
Nxh5+ 1-0

[Event "?"]
[Site "?"]
[Date "2011.06.02"]
[Round "1.38"]
[White "Dölker, Kai"]
[Black "Reichert, Ferdinand"]
[Result "1-0"]
[WhiteElo "1742"]
[BlackElo "1494"]
[PlyCount "92"]
[EventDate "2011.??.??"]

1. d4 g6 2. c4 Bg7 3. Nc3 d6 4. e4 Nf6 5. f4 b6 6. Nf3 Bb7 7. d5 c6 8. Bd3 O-O
9. O-O cxd5 10. exd5 Nbd7 11. Be3 Nc5 12. Bxc5 bxc5 13. Nd2 Re8 14. f5 Rb8 15.
Re1 Bc8 16. fxg6 fxg6 17. Qc2 a6 18. Re2 Bg4 19. Ree1 Qd7 20. Re3 Bf5 21. Bxf5
Qxf5 22. Qxf5 gxf5 23. Nb3 Nd7 24. Ne2 Ne5 25. Rc1 Bh6 26. Rxe5 Bxc1 27. Rxf5
Bxb2 28. Nf4 Rf8 29. Rg5+ Kh8 30. Ne6 Rg8 31. Rf5 Rg6 32. Na5 Bd4+ 33. Kf1 Rf6
34. Rxf6 Bxf6 35. Nc6 h6 36. Nxb8 a5 37. Nc6 a4 38. Ke2 a3 39. Kf3 Kg8 40. Na7
Kf7 41. Kg4 Kg6 42. Nf4+ Kh7 43. Kh5 Bg5 44. Ng6 Kg7 45. h4 Bf6 46. Nf4 Kh7 1-0

[Event "?"]
[Site "?"]
[Date "2011.06.02"]
[Round "1.39"]
[White "Sazonovs, Sergejs"]
[Black "Schmitz, Harald"]
[Result "1-0"]
[WhiteElo "1480"]
[BlackElo "1739"]
[PlyCount "81"]
[EventDate "2011.??.??"]

1. e4 e6 2. d3 d5 3. Nd2 c5 4. Ngf3 Nc6 5. g3 Bd6 6. Bg2 Nge7 7. O-O O-O 8. Re1
Bd7 9. e5 Bc7 10. c3 Ng6 11. d4 cxd4 12. cxd4 Rc8 13. Nf1 Bb6 14. h4 Nb4 15.
Ne3 Qc7 16. Re2 Bb5 17. Rd2 Qd7 18. Bh3 Rc7 19. a4 Rxc1 20. Rxc1 Bxa4 21. b3
Bb5 22. Nc2 Na2 23. Ra1 Nc3 24. Qe1 Rc8 25. Na3 Ba6 26. Rc2 Ba5 27. Qe3 Qc7 28.
Rac1 Ne2+ 29. Kg2 Nxc1 30. Qxc1 Bc3 31. Nb1 Qb6 32. Rxc3 Rxc3 33. Qxc3 Qb5 34.
Nbd2 Qe2 35. Ng5 h6 36. Qc8+ Nf8 37. Nxe6 fxe6 38. Bxe6+ Kh7 39. Qxf8 Qxd2 40.
Bf5+ g6 41. Be6 1-0

[Event "?"]
[Site "?"]
[Date "2011.06.02"]
[Round "1.40"]
[White "Körber, Christian"]
[Black "Rausch, Adrian"]
[Result "0-1"]
[WhiteElo "1728"]
[BlackElo "1469"]
[PlyCount "96"]
[EventDate "2011.??.??"]

1. Nf3 d5 2. d4 Nf6 3. e3 Bf5 4. c4 c6 5. Nc3 e6 6. Bd2 Nbd7 7. cxd5 exd5 8. g3
Bd6 9. Bg2 Bd3 10. Bf1 Bxf1 11. Kxf1 O-O 12. Kg2 Re8 13. Qb3 Qb6 14. Qc2 Qd8
15. Rhe1 Ne4 16. Nxe4 dxe4 17. Ng1 Qg5 18. f3 Qg6 19. Qb3 Rab8 20. Bb4 c5 21.
dxc5 Bxc5 22. Rad1 Rbd8 23. Rxd7 Rxd7 24. Bxc5 Rd2+ 25. Kh1 Qh5 26. Re2 Rxe2
27. Nxe2 Qxc5 28. Qa4 Qc6 29. Qxc6 bxc6 30. Nd4 exf3 31. Nxc6 Rxe3 32. Kg1 Re2
33. Nxa7 Rxb2 34. Nc6 Rxa2 35. Nd4 f2+ 36. Kf1 f6 37. Nf5 Kf7 38. Nd6+ Ke6 39.
Ne4 Kf5 40. Nxf2 Rxf2+ 41. Kxf2 g5 42. Kf3 g4+ 43. Ke3 Ke5 44. Kd3 h5 45. Ke3
f5 46. Kf2 Kd4 47. Kg2 Ke3 48. h3 Ke2 0-1

[Event "?"]
[Site "?"]
[Date "2011.06.02"]
[Round "1.41"]
[White "Notz, Lukas"]
[Black "Bay, Johannes"]
[Result "1-0"]
[WhiteElo "1445"]
[BlackElo "1650"]
[PlyCount "115"]
[EventDate "2011.??.??"]

1. d4 b6 2. Bf4 Bb7 3. e3 e6 4. Nf3 Nf6 5. Nbd2 Be7 6. c3 d6 7. Bd3 Nbd7 8. Qe2
a5 9. a3 Nd5 10. Bg3 f5 11. e4 f4 12. exd5 fxg3 13. hxg3 Nf8 14. dxe6 d5 15.
Nh4 Bxh4 16. Rxh4 Qf6 17. O-O-O Ke7 18. Rf4 Qxe6 19. Qxe6+ Nxe6 20. Re1 Rae8
21. Bf5 Bc8 22. Rh4 g6 23. Bxe6 Bxe6 24. Nf3 h6 25. Reh1 h5 26. Re1 Kf6 27.
Rf4+ Bf5 28. Ne5 Re7 29. Rf3 Rhe8 30. Kd2 c5 31. Rfe3 cxd4 32. cxd4 Re6 33.
Nd7+ Kf7 34. Rxe6 Bxe6 35. Nxb6 Rb8 36. Na4 Bd7 37. Nc5 Be8 38. b3 Rb6 39. Re5
Bc6 40. f4 Kf6 41. Kc3 Kf7 42. Re6 Kg7 43. Nd7 Rb7 44. Ne5 Bd7 45. Re7+ Kf6 46.
Rxd7 Rb8 47. Rxd5 Rc8+ 48. Rc5 Rd8 49. Rxa5 g5 50. fxg5+ Kg7 51. Ra7+ Kg8 52.
b4 h4 53. gxh4 Rc8+ 54. Nc4 Rf8 55. b5 Rb8 56. b6 Kh8 57. b7 Kg7 58. Nd6 1-0

[Event "?"]
[Site "?"]
[Date "2011.06.02"]
[Round "1.42"]
[White "Wang, Julia"]
[Black "Wunder, Anton"]
[Result "1-0"]
[WhiteElo "1719"]
[BlackElo "1423"]
[PlyCount "47"]
[EventDate "2011.??.??"]

1. e4 e5 2. f4 d6 3. Nf3 Nc6 4. Bc4 Nf6 5. d3 Bg4 6. c3 Be7 7. O-O Qd7 8. Qe1
Be6 9. Bb5 a6 10. Ba4 Bg4 11. d4 b5 12. fxe5 bxa4 13. exf6 Bxf6 14. Bf4 O-O 15.
Nbd2 Rfe8 16. Qg3 Rab8 17. Rab1 Bxf3 18. Rxf3 Rb7 19. Bh6 Qe7 20. Rbf1 Rxb2 21.
Rxf6 g6 22. Rxf7 Qd8 23. Rg7+ Kh8 24. Rff7 1-0

[Event "?"]
[Site "?"]
[Date "2011.06.02"]
[Round "1.43"]
[White "Grözinger, Werner"]
[Black "Schreiber, Stephan"]
[Result "0-1"]
[WhiteElo "1417"]
[BlackElo "1718"]
[PlyCount "84"]
[EventDate "2011.??.??"]

1. c4 c5 2. Nc3 d6 3. Nf3 Nf6 4. g3 e6 5. Bg2 Be7 6. O-O O-O 7. e3 Qc7 8. d3 a6
9. a3 b6 10. Rb1 Bb7 11. b4 Nbd7 12. Qb3 Rab8 13. b5 a5 14. Qd1 Rfd8 15. e4 Ne5
16. Bf4 Rbc8 17. a4 Nfd7 18. Rb3 Bf6 19. h3 h6 20. g4 Ng6 21. Bg3 Nde5 22. Qe2
Nxf3+ 23. Bxf3 Be5 24. Kg2 Nf4+ 25. Bxf4 Bxf4 26. Qd1 Qe7 27. Ne2 Be5 28. Qd2
d5 29. exd5 exd5 30. cxd5 Bxd5 31. Bxd5 Rxd5 32. Re1 Qb7 33. f3 Rcd8 34. Nc1
Qc7 35. Re4 c4 36. Rxc4 Qxc4 37. Qe3 Qf4 38. Qxf4 Bxf4 39. Ne2 Be5 40. f4 Bf6
41. d4 Bxd4 42. Kf3 Bc5 0-1

[Event "?"]
[Site "?"]
[Date "2011.06.02"]
[Round "1.44"]
[White "Munk, Werner"]
[Black "Beck, Jens"]
[Result "1-0"]
[WhiteElo "1717"]
[BlackElo "1379"]
[PlyCount "99"]
[EventDate "2011.??.??"]

1. Nf3 c5 2. g3 d6 3. Bg2 Nf6 4. O-O g6 5. d3 Bg7 6. e4 Nc6 7. c3 O-O 8. Nbd2
Rb8 9. Re1 Qc7 10. Nb3 b5 11. d4 cxd4 12. Nbxd4 Nd7 13. Nxc6 Qxc6 14. e5 Qc7
15. exd6 exd6 16. Bf4 Ne5 17. Nxe5 dxe5 18. Bg5 f6 19. Qd5+ Kh8 20. Be3 Bb7 21.
Qc5 Rbc8 22. Qxa7 Bxg2 23. Qxc7 Rxc7 24. Kxg2 Rd7 25. Rad1 Rfd8 26. Rxd7 Rxd7
27. Re2 Kg8 28. Rd2 Rxd2 29. Bxd2 Kf7 30. Kf3 Ke6 31. b3 Kd5 32. Ke2 e4 33. f3
exf3+ 34. Kxf3 f5 35. Ke3 Bh6+ 36. Kd3 Bxd2 37. Kxd2 Ke4 38. Ke2 h6 39. a4 bxa4
40. bxa4 Kd5 41. Ke3 Kc5 42. Kf4 Kd6 43. h4 Kd5 44. h5 gxh5 45. Kxf5 Kc6 46.
Kg6 Kb6 47. Kxh6 Ka5 48. Kxh5 Kxa4 49. g4 Kb3 50. g5 1-0

[Event "?"]
[Site "?"]
[Date "2011.06.02"]
[Round "1.45"]
[White "Lin, Jean-Claude"]
[Black "Burkhardt, Adrian"]
[Result "0-1"]
[WhiteElo "1348"]
[BlackElo "1714"]
[PlyCount "90"]
[EventDate "2011.??.??"]

1. e4 e6 2. d4 d5 3. e5 c5 4. c3 Nc6 5. Nf3 Qb6 6. Be2 Nge7 7. dxc5 Qxc5 8. Be3
Qa5 9. O-O Nf5 10. Bd2 Qb6 11. b4 Bd7 12. a4 Be7 13. a5 Qc7 14. Bf4 h6 15. h3
Nh4 16. Nbd2 Ng6 17. Bh2 Ngxe5 18. Nd4 Bf6 19. f4 Nxd4 20. cxd4 Nc4 21. Nf3 Bb5
22. Rc1 O-O 23. Ne5 Bxe5 24. fxe5 Qe7 25. Qe1 Rac8 26. Rf3 a6 27. h4 Rc6 28.
Bf4 h5 29. Rh3 Rfc8 30. Qg3 f5 31. Bxh5 R6c7 32. Bg6 Qxb4 33. h5 Nxe5 34. Rxc7
Rxc7 35. Qg5 Qe1+ 36. Kh2 Ng4+ 37. Qxg4 fxg4 38. Rg3 Rc1 39. Bxc1 Qxc1 40. Rxg4
Qc7+ 41. Kh3 e5 42. Rg5 Bd7+ 43. Kh4 exd4 44. g3 Qc4 45. h6 gxh6 0-1

[Event "?"]
[Site "?"]
[Date "2011.06.02"]
[Round "1.46"]
[White "Werner, Stefan"]
[Black "Divkovic, Mario"]
[Result "1/2-1/2"]
[WhiteElo "1707"]
[BlackElo "1378"]
[PlyCount "65"]
[EventDate "2011.??.??"]

1. e4 e6 2. d4 d5 3. Nc3 Bb4 4. e5 c5 5. a3 Qa5 6. Bd2 Bxc3 7. Bxc3 Qc7 8. Nf3
cxd4 9. Bxd4 Ne7 10. Bd3 Nec6 11. Bc3 Nd7 12. Qe2 d4 13. Nxd4 Ndxe5 14. Bb5 Bd7
15. Nxc6 Nxc6 16. O-O O-O 17. Qg4 e5 18. Qg3 f6 19. Bc4+ Kh8 20. Bd3 Ne7 21.
Bb4 Rf7 22. Bxe7 Rxe7 23. Qh4 g6 24. Bxg6 Rg7 25. Bd3 Qc6 26. f3 Rag8 27. Kh1
f5 28. Rg1 e4 29. fxe4 Rg4 30. Qe7 fxe4 31. Qe5+ R8g7 32. Be2 R4g5 33. Qc3
1/2-1/2

[Event "?"]
[Site "?"]
[Date "2011.06.02"]
[Round "1.47"]
[White "Griesche, Veit"]
[Black "Hartmann, Anatoli"]
[Result "0-1"]
[WhiteElo "1342"]
[BlackElo "1697"]
[PlyCount "110"]
[EventDate "2011.??.??"]

1. Nf3 e6 2. d4 d5 3. c4 c5 4. e3 cxd4 5. exd4 Nf6 6. Nc3 Bb4 7. a3 Bxc3+ 8.
bxc3 Ne4 9. Qc2 Qa5 10. Bb2 Nc6 11. cxd5 exd5 12. Bd3 O-O 13. O-O Nf6 14. Rfe1
Bg4 15. Ne5 Be6 16. h3 Rac8 17. Nf3 Qc7 18. Ng5 h6 19. Nxe6 fxe6 20. Qd2 Na5
21. Qe2 Rce8 22. Rab1 Qf7 23. a4 Kh8 24. Bb5 Nc6 25. Ba3 Rg8 26. Rb2 Ne4 27.
Qe3 Qd7 28. Reb1 Rb8 29. Qf3 Qc7 30. Qe3 Na5 31. Bd3 Nc4 32. Bxc4 Qxc4 33. Rc2
a5 34. Bc5 Qxa4 35. Rcb2 Qc4 36. Rxb7 Rxb7 37. Rxb7 Nxc3 38. Qxe6 Ne2+ 39. Kh2
Nxd4 40. Bxd4 Qxd4 41. Qd6 Qxf2 42. Qxd5 Qf4+ 43. Kg1 Qe3+ 44. Kh1 a4 45. Qa5
a3 46. Ra7 Rf8 47. Ra8 Qc1+ 48. Kh2 Qf4+ 49. Kg1 Qd4+ 50. Kh2 Qd6+ 51. Kg1 Rxa8
52. Qxa8+ Kh7 53. Qe4+ Qg6 54. Qe1 a2 55. Kh2 Qb1 0-1

[Event "?"]
[Site "?"]
[Date "2011.06.02"]
[Round "1.48"]
[White "Duran, Suat"]
[Black "Piskaykin, Bogdan"]
[Result "1-0"]
[WhiteElo "1687"]
[BlackElo "1329"]
[PlyCount "145"]
[EventDate "2011.??.??"]

1. d4 Nf6 2. Nf3 e6 3. Bf4 d5 4. e3 Be7 5. c4 c6 6. Nc3 a6 7. c5 Nbd7 8. h3 O-O
9. Bd3 b6 10. b4 a5 11. a3 bxc5 12. bxc5 Re8 13. Qa4 Ba6 14. Bxa6 Rxa6 15. Rb1
Qa8 16. O-O Rc8 17. Rb2 Ne8 18. Rfb1 Ra7 19. Ne5 Nxe5 20. Bxe5 Nc7 21. Rb6 Na6
22. Qb3 f6 23. Bg3 Kf7 24. e4 Bd8 25. exd5 exd5 26. Ne4 Be7 27. Nd6+ Bxd6 28.
Bxd6 Re8 29. Rb7+ Rxb7 30. Qxb7+ Kg8 31. Qxa8 Rxa8 32. Kf1 Kf7 33. Ke2 Ke6 34.
Kd3 h5 35. Rb6 Kd7 36. Rb7+ Ke6 37. g4 hxg4 38. hxg4 f5 39. gxf5+ Kxf5 40. Rxg7
Rh8 41. Ra7 Rh3+ 42. Bg3 Nxc5+ 43. dxc5 Rh1 44. Rxa5 Rd1+ 45. Kc2 Rd4 46. a4
Rc4+ 47. Kd3 Ke6 48. Bd6 Rb4 49. Ra7 Rb3+ 50. Kc2 Rf3 51. Bg3 d4 52. a5 Kd5 53.
Rb7 Rc3+ 54. Kb2 Rxc5 55. a6 Ra5 56. a7 Kc4 57. Bf4 d3 58. Be3 c5 59. Rc7 d2
60. Bxd2 Ra6 61. Be3 Rb6+ 62. Kc2 Ra6 63. Rxc5+ Kb4 64. Rc8 Ra2+ 65. Kd3 Ra3+
66. Ke4 Ra6 67. a8=Q Re6+ 68. Kf5 Re7 69. Rb8+ Kc3 70. Qa3+ Kc4 71. Qxe7 Kc3
72. Rd8 Kc2 73. Qc7+ 1-0

[Event "?"]
[Site "?"]
[Date "2011.06.02"]
[Round "1.49"]
[White "Maisch, Johannes"]
[Black "Martin, Richard"]
[Result "1/2-1/2"]
[WhiteElo "1306"]
[BlackElo "1686"]
[PlyCount "49"]
[EventDate "2011.??.??"]

1. e4 e6 2. d4 d5 3. exd5 exd5 4. Nf3 Nf6 5. Nc3 Bf5 6. Bf4 c6 7. Bd3 Bxd3 8.
Qxd3 Bb4 9. O-O O-O 10. a3 Bd6 11. Bxd6 Qxd6 12. Rfe1 Nbd7 13. Ne2 Ne4 14. Nc3
Rae8 15. Nxe4 Rxe4 16. Rxe4 dxe4 17. Qxe4 Nf6 18. Qe5 Qd7 19. Re1 Re8 20. Qf4
Rxe1+ 21. Nxe1 Qe8 22. Nf3 Nd7 23. Qd2 h6 24. h3 Nb6 25. b3 1/2-1/2

[Event "?"]
[Site "?"]
[Date "2011.06.02"]
[Round "2.1"]
[White "Pelezki, Sergej"]
[Black "Strauss, Martin"]
[Result "1/2-1/2"]
[WhiteElo "1897"]
[BlackElo "1764"]
[PlyCount "48"]
[EventDate "2011.??.??"]

1. e4 e5 2. Nc3 Nc6 3. Bc4 Nf6 4. d3 h6 5. a3 Bc5 6. Nf3 a6 7. O-O d6 8. h3 Be6
9. Bxe6 fxe6 10. Ne2 O-O 11. Ng3 d5 12. Qe2 Qe8 13. Be3 d4 14. Bd2 Rd8 15. Nh2
Qg6 16. Nf3 Be7 17. c3 Bc5 18. c4 Bd6 19. b4 b6 20. Nh2 Ne7 21. h4 Nc8 22. Qd1
h5 23. Bg5 Be7 24. Nf3 Ng4 1/2-1/2

[Event "?"]
[Site "?"]
[Date "2011.06.02"]
[Round "2.2"]
[White "Tönjes, Jürgen"]
[Black "Haug, Siegmund"]
[Result "1/2-1/2"]
[WhiteElo "1768"]
[BlackElo "1894"]
[PlyCount "106"]
[EventDate "2011.??.??"]

1. d4 f5 2. h3 d6 3. Nf3 Nf6 4. c4 Nc6 5. Nc3 e6 6. Bg5 Be7 7. e3 Ne4 8. Bxe7
Qxe7 9. Bd3 Nxc3 10. bxc3 O-O 11. O-O e5 12. d5 Nd8 13. e4 f4 14. Rb1 Nf7 15.
Be2 Qf6 16. Nd2 Ng5 17. Bg4 b6 18. Bxc8 Raxc8 19. f3 Qg6 20. Kf2 c6 21. Rb3
cxd5 22. cxd5 Qe8 23. c4 Qa4 24. Rb2 Qa3 25. Qb3 Qc5+ 26. Ke2 Rf6 27. Qd3 Rg6
28. Rb5 Qc7 29. Rfb1 Nf7 30. Kf1 Nd8 31. Qe2 Nb7 32. R5b4 Nc5 33. Rc1 Nd7 34.
Qf2 Nc5 35. Qe2 Qd7 36. Nb3 Na6 37. Rb5 Nc7 38. Rb4 Rg3 39. Nd2 Na6 40. Rb2 Qa4
41. Qd1 Qd7 42. Qe2 Nc5 43. Nb3 Na6 44. Nd2 Qa4 45. Qd1 Qa3 46. Qb3 Qc5 47. Qb5
Qa3 48. Qb3 Qc5 49. Qb5 Qxb5 50. Rxb5 Nc5 51. Rcb1 Rg6 52. a4 Nxa4 53. Ra1 a6
1/2-1/2

[Event "?"]
[Site "?"]
[Date "2011.06.02"]
[Round "2.3"]
[White "Keller, Marcel"]
[Black "Schömbs, Oliver"]
[Result "1/2-1/2"]
[WhiteElo "1755"]
[BlackElo "1884"]
[PlyCount "67"]
[EventDate "2011.??.??"]

1. e4 e5 2. Nf3 Nc6 3. Bb5 f5 4. d3 fxe4 5. dxe4 Nf6 6. Bg5 Bc5 7. O-O d6 8. h3
O-O 9. Nc3 Kh8 10. Na4 Nd4 11. Nxd4 Bxd4 12. c3 a6 13. cxd4 axb5 14. dxe5 Rxa4
15. exf6 gxf6 16. Bh6 Rg8 17. Qf3 d5 18. exd5 Rh4 19. Bf4 Rxh3 20. Bg3 Rh6 21.
Rac1 Rhg6 22. Rc3 Bg4 23. Qe4 Re8 24. Qd4 c6 25. d6 Be6 26. b3 Bd5 27. Re3 Reg8
28. Rfe1 Rg4 29. Qxg4 Rxg4 30. Re8+ Rg8 31. Rxd8 Rxd8 32. Re7 c5 33. d7 Bc6 34.
Bh4 1/2-1/2

[Event "?"]
[Site "?"]
[Date "2011.06.02"]
[Round "2.4"]
[White "Paschmann, Stefan"]
[Black "Dölker, Kai"]
[Result "1-0"]
[WhiteElo "1873"]
[BlackElo "1742"]
[PlyCount "49"]
[EventDate "2011.??.??"]

1. d4 Nf6 2. Nf3 b6 3. Bf4 e6 4. e3 Bb7 5. Nbd2 Ne4 6. Bd3 f5 7. Bxe4 fxe4 8.
Ng5 Bd6 9. Qh5+ g6 10. Qg4 Bxf4 11. Qxf4 Rf8 12. Qg3 Rf5 13. Nxh7 Kf7 14. h4 d5
15. f3 Qe7 16. fxe4 dxe4 17. Ng5+ Kg7 18. Ngxe4 Bxe4 19. Nxe4 Qb4+ 20. Nc3 Qxb2
21. Kd2 Nd7 22. Rab1 Qa3 23. h5 g5 24. e4 Nc5 25. exf5 1-0

[Event "?"]
[Site "?"]
[Date "2011.06.02"]
[Round "2.5"]
[White "Wang, Julia"]
[Black "Riegel, Frank"]
[Result "0-1"]
[WhiteElo "1719"]
[BlackElo "1872"]
[PlyCount "78"]
[EventDate "2011.??.??"]

1. e4 c5 2. Nc3 e6 3. Bc4 Nc6 4. f4 d6 5. Nf3 Nf6 6. O-O d5 7. exd5 exd5 8.
Qe1+ Be7 9. Bb5 O-O 10. Ne5 Nd4 11. Ba4 a6 12. Ne2 Nxe2+ 13. Qxe2 c4 14. d4 Bd6
15. c3 Bf5 16. Be3 Qc8 17. Bd1 Re8 18. Qf3 h5 19. h3 Be4 20. Qg3 Qf5 21. Be2 b5
22. Bd2 a5 23. Qg5 Qxg5 24. fxg5 Bxe5 25. gxf6 Bxf6 26. Bxh5 g6 27. Bg4 Bh4 28.
Bd7 Re7 29. Bg4 Bd3 30. Rfd1 Be2 31. Bxe2 Rxe2 32. Be1 Bxe1 33. Rxe1 Rxb2 34.
Re7 b4 35. Rf1 Rf8 36. cxb4 axb4 37. Rd7 c3 38. Rc1 Rxa2 39. Rxd5 b3 0-1

[Event "?"]
[Site "?"]
[Date "2011.06.02"]
[Round "2.6"]
[White "Schreiber, Stephan"]
[Black "Ellinger, Harald"]
[Result "1-0"]
[WhiteElo "1718"]
[BlackElo "1854"]
[PlyCount "97"]
[EventDate "2011.??.??"]

1. d4 d5 2. Bf4 e6 3. e3 Nf6 4. h3 Bd6 5. Bxd6 Qxd6 6. c3 O-O 7. Nf3 Nbd7 8.
Bd3 e5 9. dxe5 Nxe5 10. Nxe5 Qxe5 11. Nd2 c5 12. Nf3 Qe7 13. O-O a5 14. Qa4 c4
15. Be2 Bd7 16. Qc2 Ne4 17. Rfd1 Be6 18. Rd4 f5 19. Nd2 Ra6 20. Qa4 Bd7 21. Qc2
Be6 22. Bf3 Rd8 23. Rd1 Rad6 24. Qa4 Qc7 25. Nxe4 fxe4 26. Bxe4 Bd7 27. Qc2 h6
28. Bxd5+ Kh8 29. Bxc4 Bc8 30. Rxd6 Rxd6 31. Rxd6 Qxd6 32. Qd3 Qe7 33. Qd5 Qf8
34. Qf7 Qd8 35. Bb3 b6 36. Bc2 Ba6 37. a4 Bc8 38. Qg6 Qg8 39. Qxb6 Be6 40. Qxa5
Qb8 41. Qb4 Qd8 42. Qd4 Qb8 43. b4 Bg8 44. a5 Qb5 45. Bd3 Qa4 46. a6 Qd1+ 47.
Bf1 Qa1 48. b5 Bb3 49. a7 1-0

[Event "?"]
[Site "?"]
[Date "2011.06.02"]
[Round "2.7"]
[White "Pudmensky, Stefan"]
[Black "Munk, Werner"]
[Result "0-1"]
[WhiteElo "1853"]
[BlackElo "1717"]
[PlyCount "86"]
[EventDate "2011.??.??"]

1. d4 Nf6 2. c4 g6 3. Nc3 Bg7 4. e4 d6 5. Be2 O-O 6. Nf3 e5 7. dxe5 dxe5 8.
Qxd8 Rxd8 9. Bg5 c6 10. Nxe5 Re8 11. f4 Nfd7 12. Nxd7 Bxc3+ 13. bxc3 Nxd7 14.
e5 Nc5 15. Bh4 Ne4 16. Rc1 g5 17. Bg3 Nxg3 18. hxg3 f6 19. exf6 Bg4 20. Rc2 Re6
21. Kf2 Bxe2 22. Rxe2 Rxf6 23. Re7 h6 24. Ke3 Raf8 25. Rf1 R8f7 26. Rxf7 Kxf7
27. f5 h5 28. Ke4 Rd6 29. Rh1 Rh6 30. g4 h4 31. Rd1 Ke7 32. c5 b6 33. Rd6 Rxd6
34. cxd6+ Kxd6 35. f6 Ke6 36. f7 Kxf7 37. Kf5 b5 38. Kxg5 c5 39. Kf5 b4 40.
cxb4 cxb4 41. Ke4 Kf6 42. Kf4 a5 43. g5+ Kg6 0-1

[Event "?"]
[Site "?"]
[Date "2011.06.02"]
[Round "2.8"]
[White "Burkhardt, Adrian"]
[Black "Winkler, Tim"]
[Result "0-1"]
[WhiteElo "1714"]
[BlackElo "1814"]
[PlyCount "44"]
[EventDate "2011.??.??"]

1. e4 e5 2. Nf3 Nc6 3. Bc4 Bc5 4. c3 Nf6 5. d4 exd4 6. cxd4 Bb4+ 7. Bd2 Bxd2+
8. Nbxd2 d6 9. Qb3 O-O 10. O-O Na5 11. Qa4 Nxc4 12. Qxc4 Re8 13. Rfe1 c6 14. h3
d5 15. Qc2 Nxe4 16. Nxe4 Bf5 17. Nfd2 dxe4 18. Nxe4 Qxd4 19. Qc3 Rxe4 20. Qxd4
Rxd4 21. Re7 Rb8 22. Rae1 Be6 0-1

[Event "?"]
[Site "?"]
[Date "2011.06.02"]
[Round "2.9"]
[White "Rieder, Josef"]
[Black "Duran, Suat"]
[Result "1-0"]
[WhiteElo "1851"]
[BlackElo "1687"]
[PlyCount "71"]
[EventDate "2011.??.??"]

1. e4 c6 2. d4 d5 3. exd5 cxd5 4. c4 Nc6 5. Be3 Nf6 6. Nc3 Bf5 7. Nf3 e6 8. Be2
Be7 9. O-O O-O 10. Nh4 Bg6 11. Nxg6 fxg6 12. cxd5 exd5 13. Bf3 Bb4 14. Qb3 Bxc3
15. bxc3 Na5 16. Qb4 Rc8 17. Bg5 Rc4 18. Qa3 b6 19. Bg4 Re8 20. Rfe1 Rc6 21.
Kf1 Qb8 22. Rxe8+ Qxe8 23. Re1 Qf7 24. Bxf6 Rxf6 25. Bf3 h5 26. Qe7 Rxf3 27.
gxf3 Qxf3 28. Qd8+ Kh7 29. Re8 Qd1+ 30. Re1 Qd3+ 31. Kg1 Qxc3 32. Re8 g5 33.
Rh8+ Kg6 34. Qd6+ Kf5 35. Rf8+ Kg4 36. f3+ 1-0

[Event "?"]
[Site "?"]
[Date "2011.06.02"]
[Round "2.10"]
[White "Hartmann, Anatoli"]
[Black "Wezel, Sebastian"]
[Result "1-0"]
[WhiteElo "1697"]
[BlackElo "1848"]
[PlyCount "63"]
[EventDate "2011.??.??"]

1. d4 Nf6 2. c4 c5 3. d5 b5 4. cxb5 a6 5. e3 g6 6. Nc3 Bg7 7. bxa6 Qa5 8. Qa4
Qxa4 9. Nxa4 Bxa6 10. Nxc5 Bxf1 11. Kxf1 Nxd5 12. a3 O-O 13. g3 Rc8 14. Nd3 Nc6
15. Nf3 Ndb4 16. Nxb4 Nxb4 17. Kg2 Nd3 18. Rb1 Rc2 19. Rf1 Rac8 20. Ne1 Nxc1
21. Nxc2 Nb3 22. Nd4 Bxd4 23. exd4 Nxd4 24. Rfd1 e5 25. Rbc1 Rb8 26. Rc7 d6 27.
Rd7 Rb6 28. b4 Kf8 29. Rc1 Ne6 30. Rc8+ Kg7 31. Ra8 Nf8 32. Re7 1-0

[Event "?"]
[Site "?"]
[Date "2011.06.02"]
[Round "2.11"]
[White "Rühl, Volker"]
[Black "Malcan, Oener"]
[Result "1/2-1/2"]
[WhiteElo "1837"]
[BlackElo "1601"]
[PlyCount "54"]
[EventDate "2011.??.??"]

1. b4 c6 2. c4 d6 3. a4 e5 4. e3 Nf6 5. Bb2 Qc7 6. Nf3 Be6 7. Be2 Be7 8. O-O
Nbd7 9. Nc3 O-O 10. d3 b6 11. Nd2 Bf5 12. f4 exf4 13. exf4 h6 14. Nde4 d5 15.
Ng3 Bh7 16. b5 dxc4 17. dxc4 Rad8 18. Qe1 Nc5 19. Rf3 Nd3 20. Bxd3 Bc5+ 21. Kh1
Bxd3 22. Nge4 Bxe4 23. Nxe4 Nxe4 24. Qxe4 cxb5 25. Rg3 f6 26. cxb5 Qd7 27. h4
Qd5 1/2-1/2

[Event "?"]
[Site "?"]
[Date "2011.06.02"]
[Round "2.12"]
[White "Lebeda, Lukas"]
[Black "Ostertag, Stephan"]
[Result "1-0"]
[WhiteElo "1681"]
[BlackElo "1835"]
[PlyCount "31"]
[EventDate "2011.??.??"]

1. c4 d6 2. Nc3 Nf6 3. Nf3 g6 4. g3 Bg7 5. Bg2 O-O 6. O-O c6 7. d4 Nbd7 8. Bf4
Qa5 9. Qd2 e5 10. dxe5 Nxe5 11. Nxe5 dxe5 12. Bh6 Rd8 13. Qg5 Be6 14. Bxg7 Kxg7
15. c5 Qxc5 16. Qxf6+ 1-0